000 00579nam a2200193Ia 4500
999 _c46456
_d46456
003 GCL
005 20240530104323.0
008 140319s9999 xx 000 0 ara d
040 _aGCL /
_cGCL
082 0 4 _a220
_bع ع
100 1 _aعبدالمنعم النمر
245 1 0 _aعلوم القران الكريم /
_cعبدالمنعم النمر
260 _a[S.N] :
_bدار الكتب الاسلامية ،
_c1983
300 _a230 ص
650 0 4 _aعلوم القران
650 0 4 _aمعانى القران
650 0 4 _aالقران - الفاظ
942 _2ddc
_cBK